[Event "London Classic op U2050-A 8th"]
[Site "London"]
[Date "2016.12.11"]
[Round "4"]
[White "Chrysidis, Pavlos"]
[Black "Portman, Carl S"]
[Result "1/2-1/2"]
[WhiteElo "1832"]
[BlackElo "1893"]
[PlyCount "60"]
[EventDate "2016.12.09"]
[EventType "swiss"]
[EventRounds "5"]
[EventCountry "ENG"]
[SourceTitle "EXT 2019"]
[Source "ChessBase"]
[SourceDate "2018.10.10"]
[SourceVersion "1"]
[SourceVersionDate "2018.10.10"]
[SourceQuality "1"]

1. Nf3 Nf6 2. g3 d6 3. Bg2 c5 4. d4 cxd4 5. Nxd4 a6 6. c4 Qc7 7. b3 Bd7 8. 0-0 e5 9. Nc2 Bc6 10. Bb2 Bxg2 11. Kxg2 h5 12. h4 Be7 13. Ne3 Nc6 14. Nc3 Rd8 15. Ncd5 Nxd5 16. Nxd5 Qd7 17. Qd2 Bxh4 18. Rh1 Bf6 19. Nxf6+ gxf6 20. Rh4 Qf5 21. e4 Qg5 22. Qe2 Ne7 23. Bc1 Qg6 24. Bd2 f5 25. Rah1 fxe4 26. Rxh5 Rxh5 27. Rxh5 Kd7 28. Rg5 Qh7 29. Rh5 Qg6 30. Rg5 Qh7 1/2-1/2